000
00198nam a2200085Ia 4500
008
120527s9999 xx 000 0 und d
100
_a
Newman, et al
245
_a
Development through life
942
_c
BK
999
_c
27766
_d
27766